000 00716nam a2200229Ii 4500
003 JO-AjNU
008 230605s9999||||xx |||||||||||||| ||und||
017 _a2005/3/518
020 _a9957-16-083-4
040 _aJO-AjNU
_bara
_erda
_cJO-AjNU
041 _aara
050 1 4 _aKMM126.A384.2010
100 3 _a أبو شنب ، أحمد عبد الكريم ,
_eauthor
_931232
245 0 0 _aشرح قانون العمل وفقا لأحدث التعديلات
250 _aط5
264 3 1 _aعمان : دار الثقافة ، 2010
300 _a372ص
336 _atext
_btxt
_2rdacontent
337 _aunmediated
_bn
_2rdamedia
338 _avolume
_bnc
_2rdacarrier
650 4 _aقانون العمل
_931233
999 _aA12470
_c16038
_d16038